000 00297nam a2200121Ia 4500
008 191201s2005 xx 000 0 und d
100 _aICS OF INDIA
245 0 _aBanking and Insurance Law and Practice
260 _aN. delhi
_bICS Of India
_c2005
300 _a630
650 _aMBA
942 _2ddc
_cBK
999 _c157
_d157